00654cam a22002177a 4500003000500000005001700005008004100022010001000063011001000073035001000083040000900093082001700102100003400119245006900153260004000222300003100262490003000293650002700323650003500350830005100385CHAP20230822062639.0971013s1982 r 00010 d a22253 a23225 a27320 cCHAP a630.972bC6200aColl de Hurtado, Altántida. 0aEs México un país agrícola?b: una análisis geográfico aMéxico, D. F. :bSiglo XXI,c1982 a214 p.b: mapas ; gráfs. 0aEconomía y demografía14aAgriculturazMéxico.14aMéxicoxCondiciones rurales.04aEconomía y demografía (Siglo XXI Editores)